000 00788nam a22001937a 4500
005 20240320153002.0
010 _aHIN-127153
020 _a9789380458076
_c595.00
035 _aHN-99499
037 _bDBAD/PUB.
082 _a
100 _aराव,राजेंद्र
_963684
245 _aकितने शीरी है तेरे लब कि/
_cराजेंद्र राव
260 _a नई दिल्ली
_bसामयिक बुक्स
_c2023
270 _a3320-21, जटवाडा, नेताजी सुभाष मार्ग दरियागंज
_bनई दिल्ली
_e110002
300 _a223 पृ;
_c22 सेमी (सजिल्द)
700 _963631
942 _adpl
_cHN
_2ddc
_h
_mरावरा
999 _c201657
_d201657